[Event "IECG CA.2002.0.00048 email"]
[Site "IECG email"]
[Date "2002.05.01"]
[Round "1"]
[White "Herman, Lex"]
[Black "Fuernkranz, Johannes"]
[Result "0-1"]
[WhiteElo "2089"]
[BlackElo "2130"]
[PlyCount "30"]
[EventDate "2002.05.01"]
[EventType "tourn (corr)"]
[EventRounds "6"]
[SourceTitle "Corr 2024"]
[Source "ChessBase"]
[SourceDate "2023.10.19"]
[SourceVersion "1"]
[SourceVersionDate "2023.10.19"]
[SourceQuality "1"]

1. e4 e5 2. Nf3 Nc6 3. Bc4 Nf6 4. d3 Bc5 5. 0-0 d6 6. c3 Bg4 7. Nbd2 Qd7 8. b4 Bb6 9. Re1 a5 10. b5 Ne7 11. h3 Bxh3 12. gxh3 Qxh3 13. Nf1 Qg4+ 14. Kh1 Qh3+ 15. N3h2 Bxf2 0-1

[Event "IECG CA.2002.0.00048 email"]
[Site "IECG email"]
[Date "2002.05.01"]
[Round "1"]
[White "Muller, Henri"]
[Black "Herman, Lex"]
[Result "1/2-1/2"]
[WhiteElo "2129"]
[BlackElo "2089"]
[PlyCount "129"]
[EventDate "2002.05.01"]
[EventType "tourn (corr)"]
[EventRounds "6"]
[SourceTitle "Corr 2024"]
[Source "ChessBase"]
[SourceDate "2023.10.19"]
[SourceVersion "1"]
[SourceVersionDate "2023.10.19"]
[SourceQuality "1"]

1. e4 e5 2. Nf3 Nc6 3. Bb5 a6 4. Ba4 Nf6 5. 0-0 Be7 6. Re1 b5 7. Bb3 0-0 8. c3 Bb7 9. d4 d6 10. h3 Na5 11. Bc2 c5 12. Nbd2 cxd4 13. cxd4 Rc8 14. d5 Qc7 15. Bb1 g6 16. Nf1 Nh5 17. Bh6 Rfe8 18. Ne3 Nc4 19. Nxc4 Qxc4 20. a4 bxa4 21. Rxa4 Qb5 22. Ra3 Nf4 23. Bxf4 exf4 24. Bd3 Qb6 25. Rb3 Qc7 26. Qd2 Bf6 27. Qxf4 Bg7 28. Rb1 Re7 29. Qh4 Rce8 30. Ra3 Qb6 31. b4 Rc7 32. Qg5 Rec8 33. Qd2 Rc3 34. Ra2 R8c7 35. Qe2 Rc1+ 36. Rxc1 Rxc1+ 37. Kh2 Ra1 38. Rxa1 Bxa1 39. Qd2 Bg7 40. Kg1 Qc7 41. Qa2 Qc1+ 42. Bf1 Qa1 43. Qb3 a5 44. bxa5 Ba6 45. Qb8+ Bf8 46. Nh2 Bxf1 47. Nxf1 Qxa5 48. Qe8 Qc7 49. g3 Kg7 50. Ne3 Be7 51. Kg2 Bf6 52. Qc6 Qe7 53. Qa4 h6 54. Qb4 h5 55. h4 Qe5 56. Nc2 Qc3 57. Qxc3 Bxc3 58. Ne3 Kf6 59. f4 Ke7 60. Kf3 Be1 61. g4 hxg4+ 62. Kxg4 Bf2 63. Nc4 Bd4 64. h5 gxh5+ 65. Kxh5 1/2-1/2

[Event "IECG CA.2002.0.00042 email"]
[Site "IECG email"]
[Date "2002.04.03"]
[Round "?"]
[White "Herman, Lex"]
[Black "Sobirey, Michael"]
[Result "1/2-1/2"]
[WhiteElo "2089"]
[BlackElo "2043"]
[PlyCount "36"]
[EventDate "2002.04.03"]
[EventType "tourn (corr)"]
[EventRounds "6"]
[SourceTitle "Corr 2008"]
[Source "ChessBase"]
[SourceDate "2008.06.24"]
[SourceVersion "1"]
[SourceVersionDate "2008.06.24"]
[SourceQuality "1"]

1. d4 Nf6 2. c4 e6 3. Nf3 d5 4. e3 dxc4 5. Bxc4 c5 6. 0-0 a6 7. Nc3 b5 8. Be2 Bb7 9. dxc5 Qxd1 10. Rxd1 Bxc5 11. b3 Nc6 12. Bb2 Rd8 13. Rac1 Rxd1+ 14. Nxd1 Be7 15. a4 bxa4 16. bxa4 Kd7 17. Ne5+ Nxe5 18. Bxe5 Bd6 1/2-1/2

[Event "IECG CA.2001.0.00014"]
[Site "IECG email"]
[Date "2001.08.31"]
[Round "?"]
[White "Chapin, Chip E"]
[Black "Herman, Lex"]
[Result "1/2-1/2"]
[WhiteElo "2111"]
[BlackElo "2089"]
[PlyCount "74"]
[EventDate "2001.08.31"]
[EventType "tourn (corr)"]
[EventRounds "6"]
[SourceTitle "Corr 2008"]
[Source "ChessBase"]
[SourceDate "2008.06.24"]
[SourceVersion "1"]
[SourceVersionDate "2008.06.24"]
[SourceQuality "1"]

1. e4 e5 2. Nf3 Nc6 3. Bb5 a6 4. Ba4 Nf6 5. 0-0 Be7 6. Qe2 b5 7. Bb3 0-0 8. c3 d6 9. Rd1 Bg4 10. d3 Na5 11. Bc2 c5 12. Nbd2 Nc6 13. Nf1 Be6 14. Ne3 d5 15. Ng5 d4 16. Nxe6 fxe6 17. Ng4 Qd6 18. Bd2 Nd7 19. h3 Rab8 20. Nh2 c4 21. Nf3 Nc5 22. b4 cxb3 23. axb3 b4 24. c4 h6 25. Nh2 Qc7 26. Qh5 Bd6 27. Qg4 Qf7 28. Bxh6 Qxf2+ 29. Kh1 Rf7 30. Ra2 Qf6 31. Bg5 Qg6 32. Raa1 Rbf8 33. Qh4 Rf2 34. Rd2 Rxd2 35. Bxd2 a5 36. Nf3 Kf7 37. Qg5 Qxg5 1/2-1/2

[Event "IECG CA.2001.0.00014"]
[Site "IECG email"]
[Date "2001.08.31"]
[Round "?"]
[White "Herman, Lex"]
[Black "Avron, David"]
[Result "1-0"]
[WhiteElo "2089"]
[BlackElo "2050"]
[PlyCount "29"]
[EventDate "2001.08.31"]
[EventType "tourn (corr)"]
[EventRounds "6"]
[SourceTitle "Corr 2008"]
[Source "ChessBase"]
[SourceDate "2008.06.24"]
[SourceVersion "1"]
[SourceVersionDate "2008.06.24"]
[SourceQuality "1"]

1. e4 c5 2. Nc3 Nc6 3. Nf3 d6 4. d4 cxd4 5. Nxd4 Nf6 6. Bg5 e5 7. Qd2 Nxd4 8. Bxf6 Qxf6 9. Nd5 Qd8 10. Bc4 Be6 11. c3 Nc6 12. 0-0 Be7 13. Nxe7 Qxe7 14. Bd5 0-0 15. Rad1 1-0

[Event "IECG CA.2001.0.00014"]
[Site "IECG email"]
[Date "2001.08.31"]
[Round "?"]
[White "Herman, Lex"]
[Black "Pavillar, Paul Newneil"]
[Result "1/2-1/2"]
[WhiteElo "2089"]
[BlackElo "2003"]
[PlyCount "87"]
[EventDate "2001.08.31"]
[EventType "tourn (corr)"]
[EventRounds "6"]
[SourceTitle "Corr 2008"]
[Source "ChessBase"]
[SourceDate "2008.06.24"]
[SourceVersion "1"]
[SourceVersionDate "2008.06.24"]
[SourceQuality "1"]

1. e4 e5 2. Nf3 Nc6 3. Nc3 Nf6 4. d4 exd4 5. Nxd4 Bb4 6. Nxc6 bxc6 7. Bd3 d5 8. exd5 cxd5 9. 0-0 0-0 10. Bg5 c6 11. Qf3 Bd6 12. Rfe1 Rb8 13. Na4 h6 14. Bxf6 Qxf6 15. Qxf6 gxf6 16. b3 Be6 17. Rac1 Ba3 18. Rb1 Rfe8 19. f4 f5 20. g3 Kg7 21. Kf2 Re7 22. c3 a5 23. Re2 Rbe8 24. Rbe1 Kf6 25. Kf3 Bc8 26. Rxe7 Rxe7 27. Rxe7 Kxe7 28. Ke3 Kd6 29. Be2 Bd7 30. Kd3 Be8 31. Bf3 f6 32. Bg2 Bd7 33. c4 Be6 34. Kd4 c5+ 35. Kd3 d4 36. Nb6 Bf7 37. Nc8+ Kd7 38. Na7 Bh5 39. Nb5 Bb4 40. Bh3 Ke6 41. a3 Be1 42. Nc7+ Kd6 43. Nd5 Bf3 44. Nxf6 1/2-1/2

[Event "IECG CA.2001.0.00014"]
[Site "IECG email"]
[Date "2001.08.31"]
[Round "?"]
[White "Van Nieuwenhuizen, Rene"]
[Black "Herman, Lex"]
[Result "1/2-1/2"]
[WhiteElo "2025"]
[BlackElo "2089"]
[PlyCount "81"]
[EventDate "2001.08.31"]
[EventType "tourn (corr)"]
[EventRounds "6"]
[SourceTitle "Corr 2008"]
[Source "ChessBase"]
[SourceDate "2008.06.24"]
[SourceVersion "1"]
[SourceVersionDate "2008.06.24"]
[SourceQuality "1"]

1. c4 e5 2. g3 Nf6 3. Bg2 c6 4. d4 exd4 5. Qxd4 d5 6. cxd5 cxd5 7. Nf3 Nc6 8. Qa4 Bc5 9. 0-0 0-0 10. Bg5 Re8 11. Qb5 Qd6 12. Bxf6 a6 13. Qd3 Qxf6 14. Nc3 d4 15. Ne4 Qe7 16. Nxc5 Qxc5 17. Rac1 Qb5 18. Rfd1 Qxd3 19. Rxd3 Bf5 20. Rd2 Rad8 21. Ne1 Be4 22. Bxe4 Rxe4 23. Nd3 Re7 24. Nc5 Rc8 25. Kf1 h6 26. Nb3 Rd8 27. Rc4 Rd6 28. a4 Red7 29. Ke1 b6 30. Nc1 Ne5 31. Rc8+ Kh7 32. Nd3 Re7 33. Kd1 g5 34. h3 Nxd3 35. Rxd3 Kg6 36. Rc4 Red7 37. Kd2 Rf6 38. Rf3 Re6 39. Kd1 b5 40. axb5 axb5 41. Rc2 1/2-1/2